Normal view MARC view

Entry Topical Term

Number of records used in: 1

001 - CONTROL NUMBER

  • control field: 59180

003 - CONTROL NUMBER IDENTIFIER

  • control field: OSt

005 - DATE AND TIME OF LATEST TRANSACTION

  • control field: 20260219151217.0

008 - FIXED-LENGTH DATA ELEMENTS

  • fixed length control field: 260219|| aca||aabn | a|a d

040 ## - CATALOGING SOURCE

  • Original cataloging agency: OSt
  • Transcribing agency: OSt

150 ## - HEADING--TOPICAL TERM

  • Topical term or geographic name entry element: Environmental Studies, Ganga, Varanasi, Pollution Control, Namami Gange, River Conservation, Public Policy, Sanitation, Wastewater Treatment, Community Participation, Sustainable Development, India

670 ## - SOURCE DATA FOUND

  • Source citation: Work cat.: (OSt)527952: After cleaner Ghats, Ganga at Varanasi to be pollution free too

Powered by Koha